Culture Générale - Série 2506 - Statistiques

Statistiques générales
  • Ce quiz a été pris 122 fois
  • Le résultat moyen est 4 sur 10
Statistiques - réponses
Question Réponse % Correct
Gant qui laisse à nu les deux dernières phalanges des doigts - synonyme de "moufle" mitaine
74%
Dans quel pays se trouve le château de Christiansborg surnommé « Borgen » ? Danemark
67%
Chanson enfantine : "J'ai descendu dans mon jardin pour y cueillir du ..... " romarin
67%
Quelle ville française été surnommée « Venise des Alpes » ? Annecy
65%
Comment appelle-t-on un porc mâle employé comme reproducteur verrat
46%
Sous quel nom connait-on mieux la plante appelée dent-de-lion ? pissenlit
37%
Comment appelle-t-on l'organe mâle de la fleur ? étamine
31%
Quel est le prénom de l'actrice qui incarne Marie Kermeur dans la série télévisée "Dolmen" diffusée en 2005 ? voir photo Ingrid
28%
Quel verbe est employé familièrement pour désigner un bateau qui chavire, se renverse ? dessaler
12%
Manteau sans manches, ample, souvent muni d'un capuchon - synonyme de " cape " pèlerine
4%
Aucun quiz correspondant
Distribution des résultats
% des personnes avec chaque résultat
Percentile par nombre de réponses
Votre historique - résultats
Vous n’avez pas pris ce quiz